[Event "Stay Safe Play From Home 212"]
[Site "T#646677Emanuel Laske"]
[Date "2020.06.09"]
[Round "6"]
[White "Emresenar"]
[Black "Elkje"]
[Result "0-1"]
[WhiteElo "1844"]
[BlackElo "1563"]
[Annotator "NA RC"]
[PlyCount "84"]
[EventDate "2020.06.09"]
[EventType "swiss (blitz)"]

1. g3 {[%emt 0:00:01]} c6 {[%emt 0:00:01]} 2. Bg2 {[%emt 0:00:00]} d5 {[%emt 0:00:01]} 3. Nc3 {[%emt 0:00:00]} e6 {[%emt 0:00:00]} 4. d4 {[%emt 0:00:00]} f5 {[%emt 0:00:00]} 5. Nf3 {[%emt 0:00:00]} Nf6 {[%emt 0:00:00]} 6. O-O {[%emt 0:00:00]} Bd6 {[%emt 0:00:00]} 7. e3 {[%emt 0:00:01]} Nbd7 {[%emt 0:00:00]} 8. Ne2 {[%emt 0:00:01]} Qe7 {[%emt 0:00:00]} 9. b3 {[%emt 0:00:00]} O-O {[%emt 0:00:00]} 10. c4 {[%emt 0:00:00]} Ne4 {[%emt 0:00:01]} 11. c5 {[%emt 0:00:02]} Bc7 {[%emt 0:00:01]} 12. b4 {[%emt 0:00:01]} e5 {[%emt 0:00:01]} 13. dxe5 {[%emt 0:00:01]} Nxe5 {[%emt 0:00:01]} 14. Nxe5 {[%emt 0:00:00]} Bxe5 {[%emt 0:00:01]} 15. Bxe4 {[%emt 0:00:02]} fxe4 {[%emt 0:00:01]} 16. Qb3 {[%emt 0:00:03]} Bh3 {[%emt 0:00:02]} 17. Re1 {[%emt 0:00:03]} Bxa1 {[%emt 0:00:01]} 18. Nf4 {[%emt 0:00:02]} Rxf4 {[%emt 0:00:04]} 19. exf4 {[%emt 0:00:01]} Bf6 {[%emt 0:00:02]} 20. Be3 {[%emt 0:00:03]} Rd8 {[%emt 0:00:02]} 21. Rd1 {[%emt 0:00:05]} Bg4 {[%emt 0:00:01]} 22. Rd2 {[%emt 0:00:01]} Bf3 {[%emt 0:00:01]} 23. Qb1 {[%emt 0:00:03]} d4 {[%emt 0:00:02]} 24. Bxd4 {[%emt 0:00:04]} Rxd4 {[%emt 0:00:02]} 25. Rxd4 {[%emt 0:00:01]} Bxd4 {[%emt 0:00:01]} 26. Qc2 {[%emt 0:00:01]} h6 {[%emt 0:00:03]} 27. h4 {[%emt 0:00:02]} Kh7 {[%emt 0:00:01]} 28. Kf1 {[%emt 0:00:01]} g6 {[%emt 0:00:04]} 29. Qd2 {[%emt 0:00:00]} Qf6 {[%emt 0:00:03]} 30. a4 {[%emt 0:00:02]} Bc3 {[%emt 0:00:01]} 31. Qc2 {[%emt 0:00:02]} Qd4 {[%emt 0:00:01]} 32. b5 {[%emt 0:00:02]} cxb5 {[%emt 0:00:01]} 33. axb5 {[%emt 0:00:00]} Qc4+ {[%emt 0:00:01]} 34. Kg1 {[%emt 0:00:02]} Qxc5 {[%emt 0:00:01]} 35. b6 {[%emt 0:00:01]} axb6 {[%emt 0:00:01]} 36. Kh2 {[%emt 0:00:01]} b5 {[%emt 0:00:01]} 37. f5 {[%emt 0:00:01]} gxf5 {[%emt 0:00:02]} 38. h5 {[%emt 0:00:00]} b4 {[%emt 0:00:01]} 39. Qa2 {[%emt 0:00:03]} b3 {[%emt 0:00:01]} 40. Qxb3 {[%emt 0:00:01]} Qxf2+ {[%emt 0:00:01]} 41. Kh3 {[%emt 0:00:01]} Qg2+ {[%emt 0:00:00]} 42. Kh4 {[%emt 0:00:01]} Qh2# {[%emt 0:00:02] (Lag: Av=0.55s, max=1.0s)} 0-1

[Event "Stay Safe Play From Home 212"]
[Site "T#646677Emanuel Laske"]
[Date "2020.06.09"]
[Round "7"]
[White "Mepe_Nika"]
[Black "Elkje"]
[Result "1-0"]
[WhiteElo "2357"]
[BlackElo "1591"]
[Annotator "TA"]
[PlyCount "49"]
[EventDate "2020.06.09"]
[EventType "swiss (blitz)"]

{[%evp 13,49,20,37,17,18,21,9,0,3,7,68,62,114,40,185,159,159,131,270,271,291,293,281,295,465,448,751,744,794,772,1929,1872,29978,1577,29979,29980,29989,29990]} 1. d4 d5 2. Bf4 e6 3. e3 Nf6 4. c4 Be7 5. Nc3 O-O 6. Nf3 b6 7. Qc2 c6 8. cxd5 {D37: Queen's Gambit Declined: 5 Bf4.} cxd5 9. Bd3 {[#]} Ba6 $146 ({Predecessor:} 9... Bb7 10. O-O Nc6 11. a3 h6 12. Rac1 Rc8 13. Qe2 Bd6 14. Bg3 Bxg3 15. fxg3 Qe7 {0-1 (52) Von Scheve,T-Marco,G Dresden 1892}) 10. O-O {The position is equal.} Bxd3 11. Qxd3 Nbd7 (11... Nc6 $11) 12. Rac1 $14 Rc8 (12... a6 $14) 13. a3 (13. Qa6 $16) 13... Ng4 (13... Nh5 $1 $14) 14. h3 Ngf6 15. Nb5 $36 {[%mdl 2048] Keeping Black busy.} a6 (15... Rxc1 $16 16. Rxc1 Qa8) 16. Bc7 $18 Qe8 17. Nd6 Bxd6 18. Bxd6 Rxc1 (18... Ra8 $142 19. Bxf8 Nxf8) 19. Rxc1 Ne4 (19... Qa8 $142 20. Bxf8 Nxf8) 20. Bxf8 Nxf8 21. Qxa6 Ng6 {[#]} 22. Rc8 $1 Qxc8 23. Qxc8+ Nf8 24. Ne5 h5 {[#]} 25. Nd7 $1 {Black did not feel at home in the position after the opening. Accuracy: White = 80%, Black = 25%.} 1-0

[Event "Stay Safe Play From Home 212"]
[Site "T#646677Emanuel Laske"]
[Date "2020.06.09"]
[Round "7"]
[White "little champs"]
[Black "Broken sword"]
[Result "0-1"]
[WhiteElo "2287"]
[BlackElo "2444"]
[Annotator "TA"]
[PlyCount "78"]
[EventDate "2020.06.09"]
[EventType "swiss (blitz)"]

{[%evp 12,78,-16,-5,-1,-10,-2,0,-3,-24,-24,-28,-23,-45,-30,-18,0,-41,-29,-62,-37,-224,-228,-553,-110,-106,-44,-39,-11,-15,-13,-14,-18,-17,-7,-16,0,0,35,-21,37,13,88,68,70,80,72,52,237,240,564,555,877,845,1223,555,545,528,501,387,542,435,516,489,593,573,688,630,689]} 1. d4 d5 2. e3 c6 3. Nf3 Nf6 4. c4 Bg4 5. cxd5 cxd5 6. Be2 Nc6 7. Nc3 e6 {D13: Slav Defence: Exchange variation without ...Bf5.} 8. O-O Bd6 9. h3 Bh5 {The position is equal.} 10. Nd2 Bg6 {[#]} 11. Nb3 $146 ({Predecessor:} 11. f4 O-O 12. a3 Rc8 13. Nf3 Ne4 14. Nxe4 Bxe4 15. Ne5 Bxe5 16. fxe5 Na5 17. Bd3 Bxd3 18. Qxd3 {½-½ (18) Omar,A-Loukachouk,A (2326) St Petersburg 2002}) 11... Rc8 12. Bd3 Bh5 13. Be2 Bg6 14. Bd3 O-O 15. f3 Bb8 16. e4 $2 (16. f4 $15) 16... dxe4 $19 17. Bxe4 $2 (17. Nxe4 {is tougher.} Bxe4 18. fxe4) 17... Nxe4 $2 (17... Qd6 $19 18. Bxg6 Qh2+ {[%mdl 64] Zwischenzug} 19. Kf2 Bg3+ 20. Ke3 hxg6) 18. fxe4 $17 {[#]} Qd6 (18... b5 $1 $17 {[%mdl 512]} 19. Nxb5 Bxe4) 19. Bf4 $15 Qd7 (19... e5 {is interesting.} 20. dxe5 Qe7 21. Qe2 Nxe5 22. Rad1 a6) 20. Bxb8 Rxb8 21. Qd2 Rbd8 {[%cal Rc6d4]} 22. Rad1 Rfe8 23. Qf2 Qe7 24. d5 Ne5 25. Qd4 (25. Qxa7 $14 exd5 26. Rxd5 (26. Nxd5 Qg5 $11)) 25... f6 (25... Qg5 $11) 26. Qxa7 h6 (26... Nc4 $11) 27. Qc5 $36 {[%mdl 2048] White is pushing.} exd5 {White should prevent ...Qxc5+.} 28. Qxe7 Rxe7 29. Nxd5 Red7 $2 (29... Ree8 $14) 30. Nc5 $18 Rd6 $2 (30... Bxe4 {is more resistant.} 31. Ne7+ (31. Nxe4 Rxd5 32. Rxd5 Rxd5 $14) (31. Nxd7 Rxd7 32. Nc3 Bd3 $18) 31... Kf8 32. Nxd7+ Rxd7) 31. Nxb7 {[%mdl 64] [#] Double Attack} Kh7 32. Nxd8 Rxd8 33. Nc3 Rb8 34. Rd2 Nc4 35. Re2 Ne5 (35... Nxb2 {is a better defense.} 36. Rb1 Rc8 37. Rbxb2 Rxc3) 36. Rd1 {White is clearly winning.} Bf7 37. a4 Bc4 38. Red2 Bb3 39. Ra1 Nc4 {[%mdl 32768] White used his chance. Accuracy: White = 63%, Black = 33%. . Loss on time!?} 0-1

[Event "Stay Safe Play From Home 212"]
[Site "T#646677Emanuel Laske"]
[Date "2020.06.09"]
[Round "7"]
[White "SoulofWolf"]
[Black "Lamborghini"]
[Result "0-1"]
[WhiteElo "2166"]
[BlackElo "2146"]
[Annotator "TA"]
[PlyCount "88"]
[EventDate "2020.06.09"]
[EventType "swiss (blitz)"]

{[%evp 9,88,-36,18,0,0,-12,-14,-21,0,-53,91,80,110,112,135,86,110,116,101,75,90,72,84,91,101,-214,-172,-168,-164,-140,-143,-211,-212,-1032,-274,-277,-223,-303,-119,-122,0,-293,-293,-289,-250,-256,-259,-411,-377,-470,0,0,0,-456,-490,-530,-447,-449,-449,-778,-754,-2516,-2800,-2632,-1079,-994,-985,-936,-921,-1439,-1326,-1306,-1258,-29993,-29994,-29994,-29994,-29996,-29996,-29996,-29997]} 1. d4 Nf6 2. Nf3 g6 3. c4 Bg7 {[#]} 4. g4 $146 ({Predecessor:} 4. e3 O-O 5. Be2 c5 6. d5 d6 7. Nc3 e6 8. Nd2 Na6 9. O-O Re8 10. e4 b6 11. dxe6 Bxe6 12. Nb3 Qe7 13. Bf4 Rad8 14. Qd2 Nb4 15. Rad1 Qb7 {0-1 (50) Ding,L (2791)-Giri,A (2764) chess24.com INT 2020}) 4... O-O 5. g5 Ne8 (5... Nh5 $15) 6. Nc3 {E60: King's Indian: Unusual lines and Fianchetto Variation without Nc3.} c5 7. d5 d6 8. e4 {The position is equal.} Nc7 9. h3 ({White should play} 9. Be2 $11) 9... e5 (9... e6 $15) 10. Be2 a6 11. a4 {[%cal Ba2a4,Ba4a5][%mdl 32]} Nd7 12. a5 Re8 13. Be3 Rb8 14. Qd2 b5 {[#]} 15. axb6 $1 Nxb6 16. h4 Bg4 17. h5 $2 {[%mdl 8192]} (17. Nh2 $16 {stays on course.} Bxe2 18. Qxe2) 17... Bxf3 {[%mdl 64] Overworked Piece} (17... gxh5 18. Nh4 $16) ({Much less strong is} 17... Bxh5 18. Ng1 $15) 18. Bxf3 Nxc4 {[%mdl 64] Double Attack, Discovered Attack} 19. Qe2 Nxe3 ({Stronger than} 19... Nxb2 20. Bc1 $16) 20. fxe3 (20. Qxe3 $17 Rxb2 21. Kf1) 20... Qxg5 $19 21. Kd2 $2 (21. Nd1) 21... Rb4 $2 (21... Rxb2+ 22. Ke1 Rxe2+ 23. Kxe2 Bh6) 22. Nd1 Reb8 {White must now prevent ...Rxb2+.} 23. Ra2 {[#]} Rd4+ $2 (23... Nxd5 $1 $19 {[%mdl 512] is more deadly. Threatens to win with ...Nf6.} 24. Kc1 (24. exd5 e4) 24... Nc7) 24. Kc2 $17 Rdb4 ({Black should try} 24... Nb5 $17 {Strongly threatening ...Rb6.} 25. Rxa6 Rb4) 25. Nc3 $2 {[%mdl 8192]} (25. Kd2 $1 $11 {and White is okay.} Nxd5 26. Kc1) 25... Nb5 $19 26. Nxb5 axb5 27. hxg6 hxg6 ({Resist} 27... Qxg6 28. Qg2 $17) 28. Rh2 (28. Ra3 $142) 28... c4 29. Rg2 Qh6 30. Rh2 Qg5 31. Rg2 $1 {[%cal Rg2g5]} Qd8 32. Rh2 Rb3 33. Qf2 Qb6 34. Kd2 (34. Bg4 $142 Qxe3 35. Qxe3 Rxe3 36. Ra6) 34... b4 35. Kc1 Rxe3 36. b3 Rc3+ 37. Kd1 Qxf2 38. Rhxf2 Rxb3 39. Rac2 Rd3+ 40. Ke1 b3 41. Be2 bxc2 {Black mates.} 42. Bxd3 cxd3 {[%cal Rc2c1]} 43. Kd2 Bh6+ 44. Kxd3 c1=Q {Accuracy: White = 46%, Black = 60%.} 0-1

[Event "Stay Safe Play From Home 212"]
[Site "T#646677Emanuel Laske"]
[Date "2020.06.09"]
[Round "7"]
[White "Lazieri3"]
[Black "Castlingarrocco"]
[Result "1/2-1/2"]
[WhiteElo "2032"]
[BlackElo "2034"]
[Annotator "TA"]
[PlyCount "128"]
[EventDate "2020.06.09"]
[EventType "swiss (blitz)"]

{[%evp 9,128,45,92,72,113,93,110,106,369,361,816,801,765,404,454,450,715,702,691,626,599,325,729,741,1030,160,153,155,160,159,200,138,149,87,160,150,210,212,358,374,371,380,370,366,429,438,498,489,559,559,29999,707,879,874,851,658,698,663,902,902,858,829,1078,1116,990,990,4692,4790,2467,2584,2556,2172,29978,29979,29956,29956,29980,29965,29979,29980,29979,29977,29985,29986,29986,29987,29987,29988,29988,29977,29976,29976,29979,29981,29981,29982,29986,29987,29987,29988,29988,29989,29994,29993,29995,29995,29995,29996,29997,29996,29997,29997,29997,29998,29999,29997,29997,29997,29997,29997,29997]} 1. e4 d6 2. Nc3 g6 3. d4 Bg7 4. Be3 Nd7 5. Qd2 e5 6. Nf3 {B06: Modern Defence.} Ne7 7. Bh6 O-O {[#]} 8. h4 $146 {White is better.} ({Predecessor:} 8. Bc4 Nc6 9. Bxg7 Kxg7 10. Ng5 Nxd4 11. O-O-O Nf6 12. f3 a6 13. Ne2 Nc6 14. Ng3 {0-1 (33) Cetin,A (1386)-Novruzova,N (1700) Konya 2017}) 8... f5 $2 {[%mdl 8192]} (8... Bxh6 $16 9. Qxh6 Nf6) 9. h5 Rf7 $2 (9... f4 10. Bc4+ Kh8) 10. hxg6 $18 Nxg6 11. Bxg7 Rxg7 12. exf5 Nf4 (12... exd4 $142 13. Nxd4 (13. fxg6 dxc3 14. Bc4+ Kh8 $18) 13... Ngf8) 13. dxe5 dxe5 14. Bc4+ Kh8 15. g3 Ng2+ $2 (15... b5 16. Nxb5 Bb7) 16. Kf1 e4 17. Ng5 $2 (17. Nxe4 $18 {and the rest is easy.} Qe7 18. Neg5) 17... Qxg5 $16 18. Qxg5 Rxg5 19. Kxg2 Ne5 20. Bb3 Bxf5 21. Rae1 (21. Bd5 $142) 21... Rf8 (21... Bg4 $142) 22. Nxe4 Bxe4+ (22... Rg7 $16 23. Nc5 Ng6) 23. Rxe4 $18 {aiming for f4.} Nf3 {[#]} (23... Ng6 {might work better.} 24. f3 c5) 24. Re7 $1 {[%csl Ge7][%cal Rh1h7]} Rg7 25. Rxg7 Kxg7 {[%mdl 4096] Endgame KRB-KRN} 26. Rd1 Ne5 27. f4 Ng6 28. Rd7+ {[%mdl 64] Double Attack} Kf6 29. Rxc7 Rd8 30. Rxb7 (30. Rf7# $142) 30... Rd2+ {[#]} 31. Kf3 $1 {[%csl Gb3][%cal Rb7f7]} Ne7 32. Rxa7 Nf5 33. Ra6+ Ke7 34. g4 Nd4+ 35. Ke4 Nxc2 36. Bxc2 Rxc2 {KR-KR} 37. b4 Re2+ 38. Kf5 Rb2 39. Ra7+ Kd6 40. a3 h5 41. gxh5 {White mates.} Rh2 {[#]} 42. h6 $1 Rh5+ (42... Rxh6 43. Ra6+) 43. Ke4 Rh1 44. Ra6+ Kc7 45. Kf5 Rh5+ 46. Kg6 Rh1 47. h7 Rg1+ 48. Kf7 Rh1 49. Rg6 Rxh7+ 50. Rg7 Rh1 51. f5 Kc6 52. f6 Kd5 53. Kg8 Rc1 54. f7 Rc8+ 55. f8=Q Rc6 56. Qf7+ Re6 57. Rg6 Kc4 58. Qxe6+ Kc3 59. Rg5 Kb2 60. Qe4 Kb3 61. Rg3+ Ka4 {[#]} 62. b5+ $1 {[%mdl 64] Decoy} Kxb5 63. Qb4+ Kc6 64. Rc3+ Kd5 {[%mdl 32768] Accuracy: White = 64%, Black = 25%. . An unexpected result.} 1/2-1/2

[Event "Stay Safe Play From Home 212"]
[Site "T#646677Emanuel Laske"]
[Date "2020.06.09"]
[Round "7"]
[White "Edmatuag"]
[Black "XShot"]
[Result "0-1"]
[WhiteElo "1727"]
[BlackElo "2484"]
[Annotator "TA"]
[PlyCount "72"]
[EventDate "2020.06.09"]
[EventType "swiss (blitz)"]

{[%evp 9,72,-11,12,6,6,-8,-13,-44,-27,-75,63,3,35,27,22,19,18,22,214,195,125,52,41,0,8,-50,0,0,0,0,0,0,0,-7,24,-24,0,-66,-68,-108,-114,-122,-127,-115,-92,-108,-80,-92,-54,-144,-37,-75,-65,-152,-70,-163,-150,-424,-426,-475,-367,-364,-331,-313,-279]} 1. f4 c6 2. Nf3 d5 3. Nc3 Nf6 4. e3 Bg4 5. Be2 Bxf3 6. Bxf3 {A03: Bird's Opening with 1...d5.} Nbd7 7. O-O e5 8. fxe5 {The position is equal.} Nxe5 9. d4 {[#]} Ng6 $146 (9... Nxf3+ $17 10. gxf3 Bb4) ({Predecessor:} 9... Nxf3+ 10. Qxf3 Be7 11. e4 dxe4 12. Qe3 O-O 13. Nxe4 Re8 14. c3 c5 15. Kh1 cxd4 16. cxd4 Nxe4 17. Qxe4 {0-1 (35) De Lorenzi,N (1928)-Bahlo,J (1988) Bad Homburg 2015}) 10. Bd2 (10. e4 $14) 10... Bd6 11. e4 dxe4 12. Nxe4 Nxe4 13. Bxe4 Qh4 $2 {[#]} (13... O-O $11 {and Black is okay.} 14. Qe2 Bf4) 14. g3 $1 $18 {[%cal Rg3h4]} Qd8 (14... Qxe4 $18 15. Re1 Qxe1+ 16. Qxe1+ Be7) 15. Bxg6 (15. c3 $16 {Rxf7 is the strong threat.} O-O 16. Qf3) 15... hxg6 $14 16. Qf3 {[%csl Gf1][%cal Rf3f7]} (16. Qe2+ {seems wilder.} Be7 17. Rae1 Kf8 18. Rf4 a5 19. c3) 16... O-O 17. h4 (17. Rae1 $11) 17... Qc7 18. Kg2 Rae8 19. Rae1 Qd7 20. c4 Rxe1 21. Rxe1 Re8 22. Rf1 Bf8 23. d5 (23. b3 $11) 23... cxd5 $15 24. cxd5 Re5 25. Bf4 Rxd5 26. Re1 Rd3 27. Qe4 b5 28. Re2 a5 29. a3 (29. Qa8 $15) 29... b4 (29... a4 $17 30. Kh2 Rd1) 30. axb4 axb4 31. Rc2 ({White should play} 31. Qa8 $1 $15) 31... b3 (31... Rd1 $17 32. Kh2 Kh7) 32. Re2 ({Better is} 32. Rc4 $15) 32... Rd1 33. h5 $2 {[#]} (33. Qf3 $17 {was the only defense.}) 33... gxh5 $19 34. Qc4 Qb7+ 35. Qe4 Qb6 36. Be3 Qf6 {Black used his chance. Accuracy: White = 38%, Black = 48%.} 0-1

[Event "Stay Safe Play From Home 212"]
[Site "T#646677Emanuel Laske"]
[Date "2020.06.09"]
[Round "7"]
[White "Trotsky"]
[Black "Emresenar"]
[Result "0-1"]
[WhiteElo "1577"]
[BlackElo "1816"]
[Annotator "NA RC"]
[PlyCount "52"]
[EventDate "2020.06.09"]
[EventType "swiss (blitz)"]

1. d4 {[%emt 0:00:01]} b6 {[%emt 0:00:01]} 2. e3 {[%emt 0:00:00]} Bb7 {[%emt 0:00:00]} 3. c4 {[%emt 0:00:00]} Nf6 {[%emt 0:00:01]} 4. Nc3 {[%emt 0:00:01]} d6 {[%emt 0:00:00]} 5. Qd2 {[%emt 0:00:01]} Nbd7 {[%emt 0:00:00]} 6. Qc2 {[%emt 0:00:01]} g6 {[%emt 0:00:00]} 7. f3 {[%emt 0:00:00]} Bg7 {[%emt 0:00:01]} 8. Bd3 {[%emt 0:00:01]} e5 {[%emt 0:00:01]} 9. Bd2 {[%emt 0:00:00]} exd4 {[%emt 0:00:01]} 10. exd4 {[%emt 0:00:01]} O-O {[%emt 0:00:00]} 11. h4 {[%emt 0:00:01]} Re8+ {[%emt 0:00:01]} 12. Be3 {[%emt 0:00:02]} Rxe3+ {[%emt 0:00:03]} 13. Kd2 {[%emt 0:00:02]} Qe7 {[%emt 0:00:01]} 14. Nh3 {[%emt 0:00:01]} Re8 {[%emt 0:00:05]} 15. Ne4 {[%emt 0:00:04]} Nxe4+ {[%emt 0:00:01]} 16. fxe4 {[%emt 0:00:01]} Bxe4 {[%emt 0:00:03]} 17. Bxe4 {[%emt 0:00:02]} Rxe4 {[%emt 0:00:02]} 18. Ng5 {[%emt 0:00:03]} Rxd4+ {[%emt 0:00:01]} 19. Kc3 {[%emt 0:00:01]} Qe3+ {[%emt 0:00:02]} 20. Kb4 {[%emt 0:00:01]} a5+ {[%emt 0:00:02]} 21. Kb5 {[%emt 0:00:02]} c6+ {[%emt 0:00:03]} 22. Ka6 {[%emt 0:00:02]} Ra8+ {[%emt 0:00:03]} 23. Kb7 {[%emt 0:00:01]} Rb8+ {[%emt 0:00:02]} 24. Ka6 {[%emt 0:00:01]} Nc5+ {[%emt 0:00:01]} 25. Ka7 {[%emt 0:00:06]} Rb7+ {[%emt 0:00:01]} 26. Ka8 {[%emt 0:00:02]} Qe8# {[%emt 0:00:00] (Lag: Av=0.65s, max=4.1s)} 0-1

[Event "Stay Safe Play From Home 212"]
[Site "T#646677Emanuel Laske"]
[Date "2020.06.09"]
[Round "8"]
[White "Broken sword"]
[Black "Mepe_Nika"]
[Result "1-0"]
[WhiteElo "2454"]
[BlackElo "2357"]
[Annotator "TA"]
[PlyCount "85"]
[EventDate "2020.06.09"]
[EventType "swiss (blitz)"]

{[%evp 15,85,12,10,0,0,0,0,-11,-4,-12,0,0,0,0,0,0,5,-14,21,0,25,0,-11,-31,0,0,37,22,37,17,25,19,56,42,97,104,97,60,63,25,27,0,0,4,18,5,63,67,71,75,70,66,95,109,143,104,138,81,123,31,88,0,225,200,310,321,413,412,454,430,29990,29991]} 1. d4 c5 2. c3 cxd4 3. cxd4 d5 4. Nf3 Nf6 5. Nc3 Nc6 6. Bf4 a6 7. e3 Bg4 8. Be2 e6 9. Nd2 {D13: Slav Defence: Exchange variation without ...Bf5.} Bxe2 10. Qxe2 Bd6 {[#]} 11. Bg5 $146 {The position is equal.} ({Predecessor:} 11. Bxd6 Qxd6 {½-½ (11) Dumitrache,D (2495)-Moldovan,D (2400) Herculane 1996}) 11... h6 12. Bh4 O-O 13. O-O Be7 14. Rfc1 Nd7 15. Bg3 Rc8 16. Nb3 b5 17. a3 Nb6 18. h3 Nc4 19. Nc5 Bxc5 (19... e5 $5 {[%cal Re5d4]} 20. Nxa6 exd4 21. Nxb5 dxe3 $15) 20. dxc5 Qf6 21. b3 N4e5 22. Bxe5 Qxe5 23. b4 Qg5 24. Qd3 f5 (24... Rfd8 $14) 25. Ne2 $16 Qf6 26. Nd4 Ne5 27. Qd1 Nc4 $1 28. Nf3 f4 29. exf4 Qxf4 30. a4 Ne5 (30... bxa4 $11 31. Qxa4 a5) 31. Nxe5 $14 Qxe5 32. axb5 axb5 33. Qd2 Rf6 34. Re1 Qf5 35. Re2 Rcf8 36. Rae1 (36. f3 $142) 36... Qg6 37. Qe3 (37. Rc1 $16) 37... Kh7 ({Black should try} 37... Rf4 $14) 38. Qd2 (38. c6 $16) 38... Rf4 $2 (38... Kg8 $11 {and Black is okay.}) 39. Rxe6 $18 R4f6 {[#]} (39... Qf5 $142 40. R6e5 Qg6) 40. Rxf6 $1 ({Weaker is} 40. Qxd5 Rxe6 41. Rxe6 (41. Qxe6 Qxe6 42. Rxe6 Rf4 $16) 41... Qb1+ 42. Kh2 Qxb4 $16) 40... Rxf6 41. Qxd5 Rf5 42. Qe4 Qf6 (42... Rf6 $18 43. Qe2 Qf5) 43. g4 {[%mdl 64] Pin. Accuracy: White = 76%, Black = 37%.} 1-0

[Event "Stay Safe Play From Home 212"]
[Site "T#646677Emanuel Laske"]
[Date "2020.06.09"]
[Round "8"]
[White "Castlingarrocco"]
[Black "Trotsky"]
[Result "1-0"]
[WhiteElo "2034"]
[BlackElo "1570"]
[Annotator "TA"]
[PlyCount "67"]
[EventDate "2020.06.09"]
[EventType "swiss (blitz)"]

{[%evp 12,66,18,-32,21,-8,48,-4,62,76,164,142,257,208,689,694,1133,1125,1271,1103,1427,1420,1419,1411,2078,1477,2056,1464,1950,1912,2422,2187,29991,1250,4164,1485,1250,1240,29987,1136,1206,1165,1406,1251,29994,5312,29989,29989,29989,29989,29991,29989,29989,29990,29998,29999,29999]} 1. c4 c5 2. g3 e6 3. Bg2 d5 4. Nf3 Nf6 5. O-O Nc6 6. d3 Bd6 7. Nbd2 Qc7 {[#] A08: King's Indian Attack.} (7... h6 $15) 8. Qc2 $146 ({Predecessor:} 8. cxd5 exd5 9. b3 Bg4 10. Bb2 Be7 11. Rc1 b6 12. d4 Qd6 13. Ne5 Nxd4 14. Nxg4 Nxg4 15. e3 Nxh2 16. Kxh2 {1-0 (31) Smith,P (1799)-Doran,N (1693) Brighton 2012}) 8... Ng4 (8... O-O $11) 9. h3 ({White should play} 9. cxd5 $14 exd5 10. e4) 9... h5 (9... Nf6 $11) 10. e4 $14 Bxg3 (10... d4 $16) 11. fxg3 Qxg3 (11... Ne3 $16 12. Qb3 Nxf1 13. Nxf1 dxe4 14. dxe4 b6) 12. Nb3 Ne3 $2 (12... dxe4 13. dxe4 (13. hxg4 hxg4 14. dxe4 gxf3 $16 {[%mdl 64] Pin}) 13... b6 14. hxg4 hxg4) 13. Bxe3 $18 Bd7 14. Bf2 Qd6 15. exd5 Ne5 16. Nxe5 Qxe5 17. Nxc5 O-O-O 18. Nxd7 Kxd7 19. b4 g5 20. c5 g4 21. c6+ bxc6 22. dxc6+ (22. Qxc6+ $142 Ke7 23. Bc5+ Qd6 24. Qc7+ {[%mdl 64] Double Attack, Pin} Rd7 25. Bxd6+ Ke8 26. Qc6 $1 {[%mdl 512]} Rh7 27. dxe6 {[%mdl 64] Pin} f5 28. Rxf5 Rhf7 29. exf7+ Kd8 30. f8=Q#) 22... Kc7 23. Qc5 Qxc5 24. Bxc5 gxh3 25. Bxh3 (25. Rxf7+ $142 Kc8 26. Bxh3 Rhe8 27. Re1 Rg8+ {[#]} 28. Kf2 $1 {[%mdl 512]} Rg4 29. Bxg4 hxg4 30. Rxa7) 25... Rhg8+ 26. Kh2 Rxd3 27. Rxf7+ Kd8 28. Be7+ (28. Bxe6 $142 Rd2+ 29. Kh1 Rh8 30. c7+ Ke8 31. c8=Q+ Rd8 32. Re7+ Kf8 33. Qxd8#) 28... Ke8 29. Rh7 {White mates.} Rd2+ {[#]} 30. Kh1 $1 Rg3 31. c7 Rxh3+ 32. Kg1 Rhh2 33. c8=Q+ {[%mdl 64] Double Attack} Rd8 34. Qxd8# {White took control after the opening. Accuracy: White = 76%, Black =  7%.} 1-0